Pastizales naturales / Johan D. Berlijn; coautor Abel E. Bernardón ; colaboración F. R. Kircher Salinas (Record no. 216994)
[ view plain ]
| 000 -CABECERA | |
|---|---|
| campo de control de longitud fija | 01270nam a2200313Ia 4500 |
| 001 - NÚMERO DE CONTROL | |
| campo de control | Z_6117 |
| 008 - DATOS DE LONGITUD FIJA--INFORMACIÓN GENERAL | |
| campo de control de longitud fija | 220601s9999 xx 000 0 und d |
| 020 ## - NÚMERO INTERNACIONAL ESTÁNDAR DEL LIBRO | |
| Número Internacional Estándar del Libro | 978-968-24-8370-7 |
| 082 ## - NÚMERO DE LA CLASIFICACIÓN DECIMAL DEWEY | |
| Número de clasificación | 633.2 P37 2008 |
| 245 ## - MENCIÓN DE TÍTULO | |
| Título | Pastizales naturales / Johan D. Berlijn; coautor Abel E. Bernardón ; colaboración F. R. Kircher Salinas |
| 250 ## - MENCIÓN DE EDICIÓN | |
| Mención de edición | 2a ed. |
| 260 ## - PUBLICACIÓN, DISTRIBUCIÓN, ETC. | |
| Lugar de publicación, distribución, etc. | México : Trillas |
| 300 ## - DESCRIPCIÓN FÍSICA | |
| Extensión | 95 p. |
| 440 ## - MENCIÓN DE SERIE/PUNTO DE ACCESO ADICIONAL--TÍTULO | |
| Título | (Manuales para educación agropecuaria: Área de producción vegetal ; 20) |
| 9 (RLIN) | 141442 |
| 500 ## - NOTA GENERAL | |
| Nota general | Basado en el trabajo de Johan D. Berlijn y Abel E. Bernardón Este manaual ha sido elaborado dentro de un proyecto de cooperación técnica internacional de la DGETA, SEP, FAO Y PNUD |
| 503 ## - NOTA DE HISTORIA BIBLIOGRÁFICA (BK CF MU) [OBSOLETO] | |
| Nota de historia bibliográfica | ej.1. C/E, ej.2: C/E, ej.3: C/E, ej.4: C/E, ej.5: C/E |
| 504 ## - NOTA DE BIBLIOGRAFÍA, ETC. | |
| Nota de bibliografía, etc. | Incluye índice |
| 650 ## - PUNTO DE ACCESO ADICIONAL DE MATERIA--TÉRMINO DE MATERIA | |
| Término de materia o nombre geográfico como elemento de entrada | 1. Pastizales |
| 9 (RLIN) | 151717 |
| 650 ## - PUNTO DE ACCESO ADICIONAL DE MATERIA--TÉRMINO DE MATERIA | |
| Término de materia o nombre geográfico como elemento de entrada | Pastizales naturales |
| 9 (RLIN) | 141444 |
| 650 ## - PUNTO DE ACCESO ADICIONAL DE MATERIA--TÉRMINO DE MATERIA | |
| Término de materia o nombre geográfico como elemento de entrada | Aplicación de abonos |
| 9 (RLIN) | 141443 |
| 650 ## - PUNTO DE ACCESO ADICIONAL DE MATERIA--TÉRMINO DE MATERIA | |
| Término de materia o nombre geográfico como elemento de entrada | Pastoreo |
| 9 (RLIN) | 85984 |
| 650 ## - PUNTO DE ACCESO ADICIONAL DE MATERIA--TÉRMINO DE MATERIA | |
| Término de materia o nombre geográfico como elemento de entrada | Praderas |
| 9 (RLIN) | 91230 |
| 700 ## - PUNTO DE ACCESO ADICIONAL--NOMBRE DE PERSONA | |
| Nombre de persona | I. Berlijn, Johan D. \ II. Bernardon, Abel E., coaut. \ III. Kircher Salinas, F. R., colab.Ì |
| 9 (RLIN) | 181148 |
| 901 ## - ELEMENTOS DE DATOS A LOCAL LDA (RLIN) | |
| a | 633.2 P37 2008 |
| 902 ## - ELEMENTOS DE DATOS B LOCAL, LDB (RLIN) | |
| a | M |
| 905 ## - ELEMENTOS DE DATOS E LOCAL, LDE (RLIN) | |
| a | 0000002008 mx amn 0000000000spa00 |
| 942 ## - ELEMENTOS DE PUNTO DE ACCESO ADICIONAL (KOHA) | |
| Tipo de ítem Koha | Libro_ |
| Estado de retiro | Estado de pérdida | Fuente del sistema de clasificación o colocación | Estado dañado | No para préstamo | Código de colección | Localización permanente | Ubicación/localización actual | Ubicación en estantería | Fecha de adquisición | Total de préstamos | Código de barras | Fecha visto por última vez | Número de copia | Precio válido a partir de | Tipo de ítem Koha | Fecha del último préstamo |
|---|---|---|---|---|---|---|---|---|---|---|---|---|---|---|---|---|
| Dewey Decimal Classification | General | Zootecnia | Zootecnia | 27/02/2012 | z_2669 | 02/06/2022 | 5 | 02/06/2022 | Libro | |||||||
| Dewey Decimal Classification | General | Zootecnia | Zootecnia | 27/02/2012 | z_2665 | 02/06/2022 | 1 | 02/06/2022 | Libro | |||||||
| Dewey Decimal Classification | General | Zootecnia | Zootecnia | 27/02/2012 | 1 | z_2666 | 24/10/2023 | 2 | 02/06/2022 | Libro | 24/10/2023 | |||||
| Dewey Decimal Classification | General | Zootecnia | Zootecnia | 27/02/2012 | 1 | z_2667 | 16/03/2023 | 3 | 02/06/2022 | Libro | 16/03/2023 | |||||
| Dewey Decimal Classification | General | Zootecnia | Zootecnia | 27/02/2012 | 1 | z_2668 | 02/02/2024 | 4 | 02/06/2022 | Libro | 02/02/2024 |
